000 00584nam a22001574a 4500
005 2010090908458.0
020 _a9781903684122
_c895.00
037 _bAbilash Book Centre
082 0 0 _a779.9796
245 1 0 _aThe art of sport:
_bthe best of reuters sports photography
260 _bPearson Education
_c2003
_aLondon
300 _aiv, 188p.
_bphotos
_c26cm(Hb)
942 _2ddc
_cEN
_h779.9796
_mART
999 _c44828
_d44828